000 00316nam a2200157Ia 4500
100 _aArcher/Jeffrey
650 _aFiction
942 _cBK
366 _f20
245 _aA matter of Honour
260 _bPan Books
_c2003
082 _a808.3
_bARC
300 _a429
546 _aENGLISH
_cComputers
999 _c19780
_d19780